00187nam a2200073Ia 4500082001200000245002400012100003600036008004100072 aEF FORB 0aTwisted playground  a FORBES, Bryan London, 1993 210817s9999 xx 000 0 und d